00353nam a2200145Ia 450000500170000000800410001702000150005808200150007310000180008824500330010625000090013926000360014830000130018465000100019720240513021509.0240331s9999 xx 000 0 und d a8185107114 bDATa331.4 aDatar, Chhaya 0aWaging changecChhaya, Datar a1 st aNew DelhibKali for womenc1989 a163 p ., aWomen